All Death Songs - Statistics

General Stats
  • This quiz has been taken 45 times
  • The average score is 43 of 65
Answer Stats
Album Song % Correct
Leprosy Leprosy
97%
Scream Bloody Gore Scream Bloody Gore
97%
Spiritual Healing Spiritual Healing
93%
Symbolic Symbolic
93%
The Sound of Perseverance Flesh and the Power it Holds
90%
The Sound of Perseverance Painkiller
90%
Individual Thought Patterns Individual Thought Patterns
86%
Leprosy Pull the Plug
86%
Scream Bloody Gore Zombie Ritual
86%
Scream Bloody Gore Mutilation
83%
Human Suicide Machine
83%
Individual Thought Patterns The Philosopher
83%
Symbolic 1,000 Eyes
79%
Human Flattening of Emotions
79%
The Sound of Perseverance Scavenger of Human Sorrow
79%
The Sound of Perseverance Voice of the Soul
79%
The Sound of Perseverance Bite the Pain
76%
Symbolic Crystal Mountain
76%
Leprosy Open Casket
76%
The Sound of Perseverance Spirit Crusher
76%
Symbolic Zero Tolerance
76%
Human Cosmic Sea
72%
Scream Bloody Gore Evil Dead
72%
Human Lack of Comprehension
72%
Symbolic Misanthrope
72%
Human Together as One
72%
Leprosy Left to Die
69%
The Sound of Perseverance Story to Tell
69%
Scream Bloody Gore Infernal Death
66%
Spiritual Healing Living Monstrosity
66%
Leprosy Born Dead
62%
Leprosy Choke on It
62%
Human God of Thunder
62%
Individual Thought Patterns Overactive Imagination
62%
Symbolic Sacred Serenity
62%
Human Vacant Planets
62%
Spiritual Healing Altering the Future
59%
Scream Bloody Gore Baptized in Blood
59%
Leprosy Forgotten Past
59%
Symbolic Perennial Quest
59%
Scream Bloody Gore Sacrificial
59%
Human Secret Face
59%
The Sound of Perseverance To Forgive is to Suffer
59%
Individual Thought Patterns Trapped in a Corner
59%
The Sound of Perseverance A Moment of Clarity
55%
Individual Thought Patterns Destiny
55%
Symbolic Empty Words
55%
Leprosy Primitive Ways
55%
Scream Bloody Gore Regurgitated Guts
55%
Spiritual Healing Within the Mind
55%
Spiritual Healing Defensive Personalities
52%
Individual Thought Patterns Jealousy
52%
Spiritual Healing Killing Spree
52%
Symbolic Without Judgment
52%
Spiritual Healing Genetic Reconstruction
48%
Individual Thought Patterns In Human Form
48%
Individual Thought Patterns Nothing is Everything
48%
Scream Bloody Gore Denial of Life
45%
Scream Bloody Gore Land of No Return
45%
Spiritual Healing Low Life
45%
Individual Thought Patterns Out of Touch
45%
Human See Through Dreams
45%
Scream Bloody Gore Torn to Pieces
45%
Individual Thought Patterns Mentally Blind
41%
Scream Bloody Gore Beyond the Unholy Grave
34%
No matching quizzes found
Score Distribution
Percent of People with Each Score
Percentile by Number Answered
Your Score History
You have not taken this quiz